Les plantes sauvages emblématiques des Alpes - Statistiques

Statistiques générales
  • Ce quiz a été pris 13 fois
  • Le résultat moyen est 4 sur 18
Statistiques - réponses
Réponse % Correct
Edelweiss
92%
Génépi
58%
Gentiane
50%
Lys
42%
Chardon
33%
Crocus
33%
Arnica
25%
Achillée
17%
Perce-neige
17%
Rhododendron
17%
Ancolie
8%
Campanule
8%
Myosotis
8%
Pensée
8%
Primevère
0%
Soldanelle
0%
Sureau
0%
Trolle
0%
Aucun quiz correspondant
Distribution des résultats
% des personnes avec chaque résultat
Percentile par nombre de réponses
Votre historique - résultats
Vous n’avez pas pris ce quiz